Normal view
MARC view
- Ali Raza Yousuf, M.Ali Raza, Narmeen Nadeem Qureshi, Sajid Ali Khan
Entry Personal Name
001 - CONTROL NUMBER
- control field: 1833
003 - CONTROL NUMBER IDENTIFIER
- control field: NUST
005 - DATE AND TIME OF LATEST TRANSACTION
- control field: 20170601133633.0
008 - FIXED-LENGTH DATA ELEMENTS
- fixed length control field: 170601|| aca||aabn | a|a d
040 ## - CATALOGING SOURCE
- Original cataloging agency: NUST
- Transcribing agency: NUST
100 ## - HEADING--PERSONAL NAME
- Personal name: Ali Raza Yousuf, M.Ali Raza, Narmeen Nadeem Qureshi, Sajid Ali Khan
670 ## - SOURCE DATA FOUND
- Source citation: Work cat.: (NUST): Ali Raza Yousuf, M.Ali Raza, Narmeen Nadeem Qureshi, Sajid Ali Khan, Bio Solar Reactor For Pond Water Treatment , 2016
